000
00298nam a22001337a 4500
008
171019b xxu||||| |||| 00| 0 eng d
020
_a
9780195063585
041
_a
eng
080
_a
338
100
_a
54
101
_a
MEN
245
_a
THE CORPORATION OF TH 1190
_c
SCOT.M.S
942
_2
udc
_c
BK
999
_c
35007
_d
35007